<?xml version="1.0" encoding="UTF-8"?>
<record
    xmlns:xsi="http://www.w3.org/2001/XMLSchema-instance"
    xsi:schemaLocation="http://www.loc.gov/MARC21/slim http://www.loc.gov/standards/marcxml/schema/MARC21slim.xsd"
    xmlns="http://www.loc.gov/MARC21/slim">

  <leader>01558nam a22002177a 4500</leader>
  <datafield tag="952" ind1=" " ind2=" ">
    <subfield code="0">0</subfield>
    <subfield code="1">0</subfield>
    <subfield code="4">0</subfield>
    <subfield code="7">0</subfield>
    <subfield code="a">18</subfield>
    <subfield code="b">18</subfield>
    <subfield code="d">2016-12-19</subfield>
    <subfield code="l">1</subfield>
    <subfield code="o">LB1028.3 A53</subfield>
    <subfield code="p">18 004159</subfield>
    <subfield code="r">2024-09-11</subfield>
    <subfield code="s">2019-06-04</subfield>
    <subfield code="t">1</subfield>
    <subfield code="w">2016-12-19</subfield>
    <subfield code="y">LB</subfield>
  </datafield>
  <datafield tag="999" ind1=" " ind2=" ">
    <subfield code="c">101493</subfield>
    <subfield code="d">101493</subfield>
  </datafield>
  <controlfield tag="008">161219s2008    sp ||||fr|||| 00| 0 spa d</controlfield>
  <datafield tag="020" ind1=" " ind2=" ">
    <subfield code="a">9788473603119</subfield>
  </datafield>
  <datafield tag="050" ind1="0" ind2="4">
    <subfield code="a">LB1028.3</subfield>
    <subfield code="b">A53</subfield>
  </datafield>
  <datafield tag="100" ind1="1" ind2=" ">
    <subfield code="a">Amar Rodr&#xED;guez, V&#xED;ctor Manuel</subfield>
    <subfield code="e">autor</subfield>
  </datafield>
  <datafield tag="245" ind1="1" ind2="0">
    <subfield code="a">Tecnolog&#xED;as de la informaci&#xF3;n y la comunicaci&#xF3;n, sociedad y educaci&#xF3;n</subfield>
    <subfield code="b"> : sociedad, e-herramientas, profesorado y alumnado</subfield>
    <subfield code="c"> / V&#xED;ctor Manuel Amar Rodr&#xED;guez</subfield>
  </datafield>
  <datafield tag="260" ind1="3" ind2=" ">
    <subfield code="a">Espa&#xF1;a</subfield>
    <subfield code="b"> : T&#xE9;bar</subfield>
    <subfield code="c">, 2008</subfield>
  </datafield>
  <datafield tag="300" ind1=" " ind2=" ">
    <subfield code="a">281 p&#xE1;ginas</subfield>
  </datafield>
  <datafield tag="504" ind1=" " ind2=" ">
    <subfield code="a">(pp. 244-281)</subfield>
  </datafield>
  <datafield tag="505" ind1=" " ind2=" ">
    <subfield code="a">Sociedad y educaci&#xF3;n
Coordenadas socioeducativas
Las ciencias humanas, de la comunicaci&#xF3;n y de la educaci&#xF3;n
Nuevas tecnolog&#xED;as aplicadas a la educaci&#xF3;n
Internet y educaci&#xF3;n
Cibercultura
Por una alfabetizaci&#xF3;n digital
Por una tecnolog&#xED;a cr&#xED;tica en la educaci&#xF3;n
Notas para entender la educaci&#xF3;n virtual
Educominicaci&#xF3;n
Algunas apreciaciones sobre las e-actividades
Algunos e-ismos en educaci&#xF3;n
La videoconferencia: un nuevo multimedia
Weblog o la escritura de f&#xE1;cil actualizaci&#xF3;n en Internet
Herramientas abiertas al di&#xE1;logo
La formaci&#xF3;n del profesorado en medios tecnol&#xF3;gicos
Formaci&#xF3;n permanente del profesorado a trav&#xE9;s de tecnolog&#xED;as de la informaci&#xF3;n y comunicaci&#xF3;n
El alumnado en los entornos virtuales
Sobre y para el tecnoalumnado</subfield>
  </datafield>
  <datafield tag="519" ind1=" " ind2=" ">
    <subfield code="a">Material Complementario / </subfield>
    <subfield code="d">(18 004159)</subfield>
  </datafield>
  <datafield tag="650" ind1="1" ind2="4">
    <subfield code="a">TECNOLOG&#xCD;A EDUCATIVA</subfield>
    <subfield code="9">1775</subfield>
  </datafield>
  <datafield tag="650" ind1="2" ind2="4">
    <subfield code="a">INTERNET EN LA EDUCACI&#xD3;N</subfield>
    <subfield code="9">7140</subfield>
  </datafield>
  <datafield tag="650" ind1="3" ind2="0">
    <subfield code="a">ENSE&#xD1;ANZA ASISTIDA POR COMPUTADORA </subfield>
    <subfield code="9">23194</subfield>
  </datafield>
  <datafield tag="650" ind1="4" ind2="4">
    <subfield code="a">MAESTROS</subfield>
    <subfield code="x">CAPACITACI&#xD3;N DE</subfield>
    <subfield code="9">40215</subfield>
  </datafield>
  <datafield tag="942" ind1=" " ind2=" ">
    <subfield code="c">LB</subfield>
  </datafield>
</record>
